000 00619nam a22002297a 4500
003 UA-OsUOA
001 98151
007 ta
008 20130410b un ||||| |||| 00| 0 ukr d
100 _aОскоцкий В.
090 _a821.161.1
_bО-74
942 _cBK
040 _aUA-OsUOA
_brus
_cUA-OsUOA
_dUA-OsUOA
245 _aРоман и история
300 _a384 с.
955 _a3
041 _arus
080 _a821.161.1
260 _aМ.
_bХудожественная литература
_c1980
650 7 _a82 Література. Літературознавство
_2UDC
999 _c384285
_d384285